| 000 | 01428nam a2200277 4500 | ||
|---|---|---|---|
| 003 | EC-QuCCB | ||
| 005 | 20260312121331.0 | ||
| 007 | ta | ||
| 008 | 260312s1991 pe ||||gr|||| 001 0 spa d | ||
| 040 | _aEC-QuCCB | ||
| 041 | _aspa | ||
| 082 |
_a398.2 _bU824 |
||
| 100 | 1 |
_aUrteaga Cabrera, Luis, _d1940-2020 _944205 |
|
| 245 | 1 | 3 |
_aEl universo sagrado : _bversión literaria de mitos y leyenda de la tradición oral shipibo-coniba _cLuis Urteaga Cabrera |
| 260 |
_aLima, Perú : _bPeisa, _c1991 |
||
| 300 |
_a169 páginas ; _c21 cm |
||
| 336 |
_atexto _btxt |
||
| 337 |
_ano mediado _bn |
||
| 338 |
_avolumen _bnc |
||
| 505 | _aNuestro nombre -- El mundo exterior -- La constelación "Los Siete Cazadores" -- Los relámpagos y truenos -- El fuego -- El viento grande -- Los remolinos -- El mundo interior -- La vergüenza -- La orfandad -- El olvido -- La muerte -- Conquistas -- La navegación -- Los instrumentos de caza y pesca -- Los alimentos, las cabañas, los cultivos -- Los tejidos -- Nacimientos -- Las aves y los mamíferos acuáticos -- Las huanganas -- Las víboras -- Los zancudos -- Los monos y pájaros -- Espíritus -- Coshosca Yoshin -- Nehue Rao -- Paróbaque -- Níshobo -- Héroes -- Corín Metsa -- Huesha Bari -- Ranë Manë -- Barín Copi | ||
| 590 | _abgg | ||
| 650 | 4 |
_aTradición oral _916173 |
|
| 650 | 4 |
_aLeyendas peruanas _913822 |
|
| 942 |
_2ddc _cBK |
||
| 999 |
_c83651 _d83651 |
||